Score 0/100 Timer 08:00
1 Play Today
% Correct
Joker
97.9%
Catwoman
93.1%
Two-Face
92.5%
Harley Quinn
91.8%
Bane
91.5%
Poison Ivy
91.2%
Lex Luthor
90.9%
Brainiac
90.1%
Killer Croc
90%
Riddler
89.7%
Deathstroke
89.7%
Reverse-Flash
89.7%
Zoom
89.7%
Black Manta
89.6%
Sinestro
89.3%
Scarecrow
89%
Darkseid
88.7%
Cold
88.7%
Mad Hatter
88.4%
Deadshot
87.8%
Penguin
87.6%
Bizarro
87.3%
Cheetah
87%
Mr. Freeze
86.9%
Ra's al Ghul
86.9%
Man-Bat
86.7%
Grundy
84.1%
Black Adam
83%
Grodd
82.1%
General Zod
81.7%
Lobo
81.2%
Doomsday
80.5%
Killer Frost
78.1%
King Shark
76.7%
% Correct
Firefly
73.7%
Black Mask
73%
Hush
72.2%
Clock King
71.7%
Boomerang
69.5%
Atrocitus
68%
Killer Moth
67.4%
Mirror Master
67.3%
Livewire
67.3%
Metallo
66.5%
Doctor Light
66.3%
Cyborg Superman
65%
Trickster
64%
Parasite
63.6%
Star Sapphire
62.8%
Savage
62.5%
Clayface
62.3%
Copperhead
62.2%
Catman
61.1%
Granny
60.7%
Mongul
60.7%
Gentleman Ghost
59.5%
Merlyn
56.5%
Wizard
55.4%
Ares
54.6%
Enchantress
53.6%
Ultra-Humanite
53.2%
Shade
53.1%
Larfleeze
52.5%
Trigon
52%
Giganta
52%
Dr. Sivana
51.8%
Heat Wave
51.4%
Anti-Monitor
50.4%
% Correct
Cheshire
50.3%
Amazo
49.6%
Toyman
49.4%
Despero
48.5%
Felix Faust
47.6%
Ocean Master
47.3%
Circe
47.1%
KGBeast
46.6%
Eclipso
46.5%
Kalibak
46.5%
Black Hand
46%
Banshee
45.7%
Prometheus
45.1%
Count Vertigo
44.1%
Chemo
43.8%
Pied Piper
42.9%
Queen Bee
36.2%
Tala
35.4%
Atomic Skull
35.3%
Volcana
34.9%
Dr. Destiny
34.6%
Chronos
33.8%
Doctor Polaris
33.4%
Tar Pit
33.2%
Morgaine
33.1%
Magenta
32.9%
Emerald Empress
32.5%
Seeder
32.2%
Krona
29%
Kanjar Ro
28.4%
Prankster
26.3%
Shaggy Man
19.9%
Come Together.
Have Fun.
All Virtual.
We all need to come together. Play Sporcle's virtual live trivia to have fun, connect with people, and get your trivia on. Join a live hosted trivia game for your favorite pub trivia experience done virtually. If a virtual private party is more your thing, go here for details.

You're not logged in!

Compare scores with friends on all Sporcle quizzes.
OR
Log In

Sporcle TV

Today on Sporcle TV


Watch our educational content, quiz creation guides, and fun videos on Sporcle TV.

Show Comments

Extras

Top Quizzes Today


Score Distribution

Paid Content

Your Account Isn't Verified!

In order to create a playlist on Sporcle, you need to verify the email address you used during registration. Go to your Sporcle Settings to finish the process.

Report this User

Report this user for behavior that violates our Community Guidelines.

Details: